| 000 | 00934nam a2200337 a 4500 | ||
|---|---|---|---|
| 003 | AR-BaBNM | ||
| 005 | 20251128202741.0 | ||
| 008 | 082120s2002 ||||||||||||||000 | spa|| | ||
| 020 | _a84-7100-467-4 | ||
| 040 | _cAR-BaBNM | ||
| 100 | 1 | _aRuiz de Azúa, Estíbaliz | |
| 245 | 0 | 0 | _aVascongadas y América |
| 250 | _a1ª ed. | ||
| 260 |
_aMadrid _bMapfre _c1992 |
||
| 300 |
_a388 p. _btablas |
||
| 490 | 0 |
_aLas Españas y América _vv. 7 |
|
| 504 | _aBibliografía para consultar p. 343-349. | ||
| 650 | 4 | _aHISTORIA SOCIAL | |
| 650 | 4 | _aHISTORIA DE LAS COSTUMBRES | |
| 650 | 4 | _aPERIODO HISPANICO | |
| 650 | 4 | _aPERIODO INDEPENDIENTE | |
| 650 | 4 | _aEMIGRACION | |
| 650 | 4 | _aINMIGRACION | |
| 650 | 4 | _aDEMOGRAFIA HISTORICA | |
| 651 | 4 | _aEspaña | |
| 651 | 4 | _aAmérica Latina | |
| 800 | 1 |
_aGallego, José Andrés _ecoordinador |
|
| 800 | 1 |
_aHernández Sánchez-Barba, Mario _edirector |
|
| 942 | _cBK | ||
| 998 | _cmariana | ||
| 999 |
_c393 _d393 |
||